| 000 | 03641cam a2200769 a 4500 | ||
|---|---|---|---|
| 999 |
_c987 _d987 |
||
| 001 | .b2054215x | ||
| 003 | OCoLC | ||
| 005 | 20200310103926.0 | ||
| 008 | 120418t20132012nyub d 000 1 eng | ||
| 010 | _a2012011229 | ||
| 015 |
_aGBB5H1237 _2bnb |
||
| 020 |
_a9781619630345 _q(paperback) |
||
| 020 |
_a1619630346 _q(paperback) |
||
| 035 |
_a(OCoLC)772115038 _z(OCoLC)811623503 _z(OCoLC)877933822 _z(OCoLC)966556341 |
||
| 040 | _cKH8 | ||
| 042 | _anbic | ||
| 082 | 0 | 0 |
_aFIC MAA _223 |
| 100 | 1 |
_aMaas, Sarah J., _eauthor. |
|
| 245 | 1 | 0 |
_aThrone of glass / _cSarah J. Maas. |
| 260 |
_aNew York : _bBloomsbury, _c2013. |
||
| 264 | _c©2012. | ||
| 300 |
_a406 pages : _bmap ; _c21 cm. |
||
| 336 |
_atext _btxt _2rdacontent. |
||
| 337 |
_aunmediated _bn _2rdamedia. |
||
| 338 |
_avolume _bnc _2rdacarrier. |
||
| 380 |
_aFiction _2marcgt. |
||
| 380 |
_aBook _2tlcgt. |
||
| 440 |
_aThrone of glass ; _nBook 1. |
||
| 520 | _aAfter serving out a year of hard labor in the salt mines of Endovier for her crimes, 18-year-old assassin Celaena Sardothien is dragged before the Crown Prince. Prince Dorian offers her her freedom on one condition: she must act as his champion in a competition to find a new royal assassin. Her opponents are men-thieves and assassins and warriors from across the empire, each sponsored by a member of the king's council. If she beats her opponents in a series of eliminations, she'll serve the kingdom for four years and then be granted her freedom. Celaena finds her training sessions with the captain of the guard, Westfall, challenging and exhilarating. But she's bored stiff by court life. Things get a little more interesting when the prince starts to show interest in her ... but it's the gruff Captain Westfall who seems to understand her best. Then one of the other contestants turns up dead ... quickly followed by another. Can Celaena figure out who the killer is before she becomes a victim? As the young assassin investigates, her search leads her to discover a greater destiny than she could possibly have imagined. | ||
| 521 | _aYoung Adult. | ||
| 650 | 0 |
_aAssassins _vJuvenile fiction. |
|
| 650 | 0 |
_aPrinces _vJuvenile fiction. |
|
| 650 | 0 |
_aCourts and courtiers _vJuvenile fiction. |
|
| 650 | 0 |
_aPrisoners _vJuvenile fiction. |
|
| 650 | 0 |
_aContests _vJuvenile fiction. |
|
| 650 | 0 |
_aMurder _xInvestigation _vJuvenile fiction. |
|
| 650 | 0 |
_aTriangles (Interpersonal relations) _vJuvenile fiction. |
|
| 650 | 1 | _aFantasy. | |
| 650 | 1 |
_aAssassins _vFiction. |
|
| 650 | 1 |
_aPrinces _vFiction. |
|
| 650 | 1 |
_aCourts and courtiers _vFiction. |
|
| 650 | 1 |
_aPrisoners _vFiction. |
|
| 650 | 7 |
_aJUVENILE FICTION _xFantasy & Magic. _2bisacsh. |
|
| 650 | 7 |
_aJUVENILE FICTION _xAction & Adventure _xGeneral. _2bisacsh. |
|
| 650 | 7 |
_aJUVENILE FICTION _xLove & Romance. _2bisacsh. |
|
| 650 | 7 |
_aAssassins. _2fast. |
|
| 650 | 7 |
_aContests. _2fast. |
|
| 650 | 7 |
_aCourts and courtiers. _2fast. |
|
| 650 | 7 |
_aMurder _xInvestigation. _2fast. |
|
| 650 | 7 |
_aPrinces. _2fast. |
|
| 650 | 7 |
_aPrisoners. _2fast. |
|
| 650 | 7 |
_aTriangles (Interpersonal relations) _2fast. |
|
| 650 | 7 |
_aAssassins _vFiction. _2sears. |
|
| 650 | 7 |
_aPrinces _vFiction. _2sears. |
|
| 650 | 7 |
_aCourts and courtiers _vFiction. _2sears. |
|
| 650 | 7 |
_aPrisoners _vFiction. _2sears. |
|
| 650 | 7 |
_aFantasy fiction. _2sears. |
|
| 655 | 0 | _aYoung adult fiction. | |
| 655 | 4 | _aFantasy. | |
| 655 | 7 |
_aFantasy fiction. _2fast. |
|
| 655 | 7 |
_aFiction. _2fast. |
|
| 655 | 7 |
_aJuvenile works. _2fast. |
|
| 655 | 7 |
_aYoung adult works. _2fast. |
|
| 655 | 7 |
_aFantasy fiction. _2gsafd. |
|
| 655 | 7 |
_aFantasy fiction. _2lcgft. |
|
| 942 |
_2ddc _cFIC |
||